Sức bền vật liệu

Uloženo v:
Podrobná bibliografie
Hlavní autor: Lê Ngọc Hồng
Médium: Kniha
Jazyk:Undetermined
Vydáno: Hà Nội KHKT 1998
Témata:
Tagy: Přidat tag
Žádné tagy, Buďte první, kdo otaguje tento záznam!
Thư viện lưu trữ: Trung tâm Học liệu Trường Đại học Cần Thơ
LEADER 00515nam a2200193Ia 4500
001 CTU_28496
008 210402s9999 xx 000 0 und d
020 |b 31.000đ 
082 |a 620.112 
082 |b H455 
100 |a Lê Ngọc Hồng 
245 0 |a Sức bền vật liệu 
245 0 |c Lê Ngọc Hồng 
260 |a Hà Nội 
260 |b KHKT 
260 |c 1998 
650 |a strength of materials 
904 |i Minh, 990129 
980 |a Trung tâm Học liệu Trường Đại học Cần Thơ